<?xml version="1.0" encoding="UTF-8"?>
<record
    xmlns:xsi="http://www.w3.org/2001/XMLSchema-instance"
    xsi:schemaLocation="http://www.loc.gov/MARC21/slim http://www.loc.gov/standards/marcxml/schema/MARC21slim.xsd"
    xmlns="http://www.loc.gov/MARC21/slim">

  <leader>00951nam a2200229Ia 4500</leader>
  <controlfield tag="003">IN-BaIIA</controlfield>
  <controlfield tag="008">211028s9999    xx            000 0 eng d</controlfield>
  <datafield tag="020" ind1=" " ind2=" ">
    <subfield code="a">3-540-63477-0</subfield>
  </datafield>
  <datafield tag="040" ind1=" " ind2=" ">
    <subfield code="c">IIA Library</subfield>
  </datafield>
  <datafield tag="080" ind1=" " ind2=" ">
    <subfield code="a">524.3-852(082.2)</subfield>
    <subfield code="b">STE</subfield>
  </datafield>
  <datafield tag="111" ind1=" " ind2=" ">
    <subfield code="a">Lectures Stellar Atmospheres-Theory and Observations</subfield>
    <subfield code="c">Belgium</subfield>
    <subfield code="d">1996 Sept. 10-19</subfield>
    <subfield code="9">22681</subfield>
  </datafield>
  <datafield tag="245" ind1=" " ind2="0">
    <subfield code="a">Stellar atmospheres-theory and observations</subfield>
    <subfield code="b">Lectures held at the Astrophysics School IX, Brussels, Belgium, 10-19 September 1996</subfield>
    <subfield code="c">edited by J. P. De Greve, R. Blomme and H. Hensberge                                               </subfield>
  </datafield>
  <datafield tag="260" ind1=" " ind2=" ">
    <subfield code="a">Berlin</subfield>
    <subfield code="b">Springer-Verlag</subfield>
    <subfield code="c">1997</subfield>
  </datafield>
  <datafield tag="300" ind1=" " ind2=" ">
    <subfield code="a">xi, 352p.</subfield>
  </datafield>
  <datafield tag="490" ind1=" " ind2=" ">
    <subfield code="a">Lecture notes in physics; v. 497</subfield>
  </datafield>
  <datafield tag="650" ind1=" " ind2=" ">
    <subfield code="a">Stellar atmospheres</subfield>
    <subfield code="9">1135</subfield>
  </datafield>
  <datafield tag="700" ind1=" " ind2=" ">
    <subfield code="a">Blomme, R., ed.</subfield>
    <subfield code="9">20698</subfield>
  </datafield>
  <datafield tag="700" ind1=" " ind2=" ">
    <subfield code="a">De Greve, J. P., ed.</subfield>
    <subfield code="9">22682</subfield>
  </datafield>
  <datafield tag="700" ind1=" " ind2=" ">
    <subfield code="a">Hensberge, H., ed.</subfield>
    <subfield code="9">22683</subfield>
  </datafield>
  <datafield tag="710" ind1=" " ind2=" ">
    <subfield code="a">European Astrophysics Doctoral Network (EADN)</subfield>
    <subfield code="9">22684</subfield>
  </datafield>
  <datafield tag="942" ind1=" " ind2=" ">
    <subfield code="c">BK</subfield>
  </datafield>
  <datafield tag="999" ind1=" " ind2=" ">
    <subfield code="c">12923</subfield>
    <subfield code="d">12923</subfield>
  </datafield>
  <datafield tag="952" ind1=" " ind2=" ">
    <subfield code="0">0</subfield>
    <subfield code="1">0</subfield>
    <subfield code="4">0</subfield>
    <subfield code="7">0</subfield>
    <subfield code="a">BAN</subfield>
    <subfield code="b">BAN</subfield>
    <subfield code="c">GEN</subfield>
    <subfield code="d">1999-03-04</subfield>
    <subfield code="e">SVS   </subfield>
    <subfield code="g">3027.60</subfield>
    <subfield code="l">0</subfield>
    <subfield code="o">524.3-852(082.2)/ STE</subfield>
    <subfield code="p">13840</subfield>
    <subfield code="r">2021-11-05</subfield>
    <subfield code="v">3027.60</subfield>
    <subfield code="w">1999-03-04</subfield>
    <subfield code="y">BK</subfield>
    <subfield code="G">Rs. 3027.60  </subfield>
  </datafield>
</record>
